សុំទោស ខ្ញុំឆ្លាតតែអ៊ីចឹង ! : (Record no. 8579)
[ view plain ]
| 000 -LEADER | |
|---|---|
| fixed length control field | 02493nam a22002657a 4500 |
| 001 - CONTROL NUMBER | |
| control field | 8579 |
| 003 - CONTROL NUMBER IDENTIFIER | |
| control field | FISKH |
| 005 - DATE AND TIME OF LATEST TRANSACTION | |
| control field | 20251002163748.0 |
| 008 - FIXED-LENGTH DATA ELEMENTS--GENERAL INFORMATION | |
| fixed length control field | 251001b cb ||||| |||| 00| 0 eng d |
| 020 ## - INTERNATIONAL STANDARD BOOK NUMBER | |
| International Standard Book Number | 9789996346255 |
| 040 ## - CATALOGING SOURCE | |
| Original cataloging agency | FISKH |
| Language of cataloging | khr |
| Transcribing agency | FISKH |
| Modifying agency | FISKH |
| 050 ## - LIBRARY OF CONGRESS CALL NUMBER | |
| Classification number | PZ7 |
| 100 ## - MAIN ENTRY--PERSONAL NAME | |
| Personal name | Fines, Soeun |
| 245 ## - TITLE STATEMENT | |
| Title | សុំទោស ខ្ញុំឆ្លាតតែអ៊ីចឹង ! : |
| Remainder of title | I am so clever ! / |
| Statement of responsibility, etc. | និពន្ធដោយ លោក ស៊ឺន ហ្វីណេស្វ , កែសម្រួលដោយ អ្នកស្រី គឹមស៊ុន សុធារី |
| 260 ## - PUBLICATION, DISTRIBUTION, ETC. | |
| Place of publication, distribution, etc. | Phnom Penh : |
| Name of publisher, distributor, etc. | Reading Books , |
| Date of publication, distribution, etc. | 2015. |
| 300 ## - PHYSICAL DESCRIPTION | |
| Extent | 20 pages : |
| Other physical details | color illustrations ; |
| Dimensions | 20 cm . |
| 505 ## - FORMATTED CONTENTS NOTE | |
| Formatted contents note | M <br/> |
| 520 ## - SUMMARY, ETC. | |
| Summary, etc. | ឡុវជាក្មេងប្រុសម្នាក់ដែលឆោតល្ងង់ ប៉ុន្តែគេគិតថាខ្លួនឯងឆ្លាតជានិច្ច។ អ្វីៗដែលគេគិតថាត្រឹមត្រូវសម្រាប់ខ្លួន គេក៏ធ្វើវា ហើយគិតថាខ្លួនឯងឆ្លាតជាងមនុស្សផ្សេងទៀត ទោះបីជាឪពុកម្តាយរបស់គេ ឬអ្នកភូមិគិតថាវាជារឿងខុសក៏ដោយ។ គេបានប្រព្រឹត្តិអំពើមិនសមរម្យចំពោះឪពុកម្តាយ និងអ្នកភូមិ។<br/>ពេលឪពុកម្តាយរបស់គេឃើអដូចនេះក៏ព្យាយាមផ្តល់ដំបូន្មានដល់គេ ដើម្បីឱ្យគេក្លាយជាក្មេងប្រុសល្អ និងមានគុណតម្លៃក្នុងសង្គម។ |
| 520 ## - SUMMARY, ETC. | |
| Summary, etc. | Lov was a foolish boy , but he always thought that he was clever all the time. What he thought it was right for him, he did it and thought that he was cleverer than other people, even if his parents or other villiagers thought it was wrong. He treated inappropriately to his parents and other villagers. Learning Lov's personality , his parents tried to give him good advice in order for him to become a nice and dignified by in society . |
| 521 8# - TARGET AUDIENCE NOTE | |
| Target audience note | 530<br/> |
| Source | Lexile estimate <br/> |
| 521 8# - TARGET AUDIENCE NOTE | |
| Target audience note | M <br/> |
| Source | Raz-Plus <br/> |
| 700 ## - ADDED ENTRY--PERSONAL NAME | |
| Personal name | Bunthorn, Theak |
| Relator term | Illustrator |
| 942 ## - ADDED ENTRY ELEMENTS (KOHA) | |
| Source of classification or shelving scheme | Dewey Decimal Classification |
| Koha item type | Khmer Books |
| Suppress in OPAC | No |
| Withdrawn status | Lost status | Source of classification or shelving scheme | Damaged status | Not for loan | Collection | Home library | Current library | Shelving location | Date acquired | Total Checkouts | Full call number | Barcode | Date last seen | Copy number | Price effective from | Koha item type |
|---|---|---|---|---|---|---|---|---|---|---|---|---|---|---|---|---|
| Dewey Decimal Classification | Khmer-English Bilingual / ភាសាខ្មែរ-អង់គ្លេស | Footprints International School Library Network Toul Tom Poung Campus | Footprints International School Library Network Toul Tom Poung Campus | TTP Primary Khmer Bookshelves | 10/01/2025 | FIN PZ7 | FISBK03856 | 10/01/2025 | 1 | 10/01/2025 | Khmer Books | |||||
| Dewey Decimal Classification | Khmer-English Bilingual / ភាសាខ្មែរ-អង់គ្លេស | Footprints International School Library Network Toul Tom Poung Campus | Footprints International School Library Network Toul Tom Poung Campus | TTP Primary Khmer Bookshelves | 11/10/2025 | FIN PZ7 | FISBK03787 | 11/10/2025 | 2 | 11/10/2025 | Khmer Books |
